| 000 | 00552nam a2200205Ia 4500 | ||
|---|---|---|---|
| 003 | OSt | ||
| 005 | 20230509150314.0 | ||
| 008 | 210423s2011 xx 000 0 und d | ||
| 020 | _a9780123815354 | ||
| 040 | _cAL | ||
| 041 | _aeng | ||
| 082 |
_a574.87 MUMC _223 |
||
| 100 |
_aMUMMERY (Christine);others. _9101296 |
||
| 245 | _aStem cells: scientific facts and fiction. | ||
| 260 |
_aNew York _bElsevier India _c2011 |
||
| 300 |
_aix,312 _bPB |
||
| 365 |
_b3781 _cINR |
||
| 906 | _acells: ; facts ; fiction. ; scientific ; Stem | ||
| 942 |
_2ddc _cBK |
||
| 999 |
_c164558 _d164558 |
||